Loading...
| Current Events | 1 | 10.00 | 100% | 0% | 0% |
| Fine Arts - Auditory Fine Arts | 5 | 14.00 | 100% | 40% | 0% |
| Fine Arts - Other Fine Arts | 5 | 8.00 | 80% | 0% | 0% |
| Fine Arts - Visual Fine Arts | 5 | 18.00 | 100% | 60% | 20% |
| Geography | 2 | 15.00 | 100% | 50% | 0% |
| History - American History | 6 | 11.67 | 83% | 33% | 0% |
| History - European History | 3 | 13.33 | 100% | 33% | 0% |
| History - Other History | 5 | 12.00 | 80% | 40% | 0% |
| History - World History | 3 | 10.00 | 67% | 0% | 33% |
| Literature - American Literature | 4 | 10.00 | 100% | 0% | 0% |
| Literature - British Literature | 6 | 11.67 | 100% | 17% | 0% |
| Literature - European Literature | 5 | 16.00 | 100% | 60% | 0% |
| Literature - World Literature | 4 | 12.50 | 100% | 25% | 0% |
| Mythology | 5 | 20.00 | 100% | 80% | 20% |
| Other Academic | 1 | 30.00 | 100% | 100% | 100% |
| Philosophy | 6 | 8.33 | 67% | 17% | 0% |
| Pop Culture | 1 | 10.00 | 0% | 100% | 0% |
| Religion | 5 | 12.00 | 80% | 20% | 20% |
| Science - Biology | 3 | 6.67 | 67% | 0% | 0% |
| Science - Chemistry | 2 | 0.00 | 0% | 0% | 0% |
| Science - Other Science | 2 | 20.00 | 100% | 100% | 0% |
| Science - Physics | 3 | 13.33 | 100% | 33% | 0% |
| Social Science | 1 | 10.00 | 100% | 0% | 0% |